| 000 | 00726cam a22002413a 4500 | ||
|---|---|---|---|
| 001 | 6573 | ||
| 003 | PGUSA | ||
| 005 | 20140828083134.0 | ||
| 008 | 040901s2004||||xxu|||||s|||||000 1 eng d | ||
| 040 |
_aPGUSA _beng |
||
| 042 | _adc | ||
| 050 | 4 | _aPZ | |
| 100 | 1 | _aBaker, Willard F. | |
| 245 | 1 | 4 |
_aThe Boy Ranchers on the Trail; Or, The Diamond X After Cattle Rustlers _h[electronic resource] / _cWillard F. Baker |
| 260 |
_bProject Gutenberg, _c2004 |
||
| 506 | _aPublic domain in the USA. | ||
| 516 | _aElectronic text | ||
| 653 | _aRanches -- Juvenile fiction | ||
| 653 | _aCattle stealing -- Juvenile fiction | ||
| 830 | 0 |
_aProject Gutenberg _v6573 |
|
| 856 | 4 | 0 | _uhttp://www.gutenberg.org/ebooks/6573 |
| 942 | _cEB | ||
| 999 |
_c235893 _d235893 |
||